Last chance to get it right! : How to avoid the eight deadly mistakes made with money

Sparad:
Bibliografiska uppgifter
Huvudupphovsman: Moore, J. Thomas
Materialtyp: Bok
Publicerad: Wiley 2004
Taggar: Lägg till en tagg
Inga taggar, Lägg till första taggen!
Thư viện lưu trữ: Mạng thư viện Đại học Đà Nẵng
LEADER 00592nam a2200229 a 4500
001 000029409
003 31013
005 20171030145630.0
008 171030s2004
040 |a LTT 
082 0 |a 332.02  |b MO-J 
100 1 |a Moore, J. Thomas 
245 0 0 |a Last chance to get it right! : How to avoid the eight deadly mistakes made with money  |c J. Thomas Moore. 
260 |b Wiley  |c 2004 
500 |a ASIA 
OWN |a LTT 
999 |a From the UDN01 
TYP |a Monograph 
TYP |a Printed language 
980 |a Mạng thư viện Đại học Đà Nẵng